Truyện ngắn 12 tác giả

Đã lưu trong:
Bibliografiske detaljer
Format: Bog
Sprog:Undetermined
Udgivet: Hà Nội Thanh Niên 2011
Fag:
Tags: Tilføj Tag
Ingen Tags, Vær først til at tagge denne postø!
Thư viện lưu trữ: Trung tâm Học liệu Trường Đại học Cần Thơ
LEADER 00526nam a2200181Ia 4500
001 CTU_176069
008 210402s9999 xx 000 0 und d
020 |c 59000 
082 |a 895.9223008 
082 |b Tr527 
245 0 |a Truyện ngắn 12 tác giả 
245 0 |c Nhiều tác giả 
260 |a Hà Nội 
260 |b Thanh Niên 
260 |c 2011 
650 |a Short stories, Vietnamese,Truyện ngắn Việt Nam 
904 |i mai,Hải 
980 |a Trung tâm Học liệu Trường Đại học Cần Thơ